[Event "II Festival A"]
[Site "Toscolano-Maderno ITA"]
[Date "1996.10.23"]
[Round "5"]
[White "Drei, Andrea"]
[Black "Zlochevskij, Alexander"]
[Result "1/2-1/2"]
[WhiteElo "2310"]
[BlackElo "2415"]
[PlyCount "108"]
[EventDate "1996.10.19"]

1. e4 d5 2. exd5 Nf6 3. d4 Nxd5 4. c4 Nb6 5. Nf3 Bg4 6. c5 N6d7 7. Bc4 e6 8. h3
Bh5 9. Nc3 Be7 10. Be3 O-O 11. g4 Bg6 12. h4 h5 13. Ng5 Nf6 14. gxh5 Bxh5 15.
Be2 g6 16. Bxh5 Nxh5 17. Rg1 Ng7 18. h5 Nc6 19. hxg6 fxg6 20. Qd3 Bxg5 21. Rxg5
Rf5 22. Rxg6 Ne5 23. Rxg7+ Kxg7 24. Qe4 Ng6 25. O-O-O c6 26. Qxe6 Qf6 27. Qd7+
Qf7 28. Qxf7+ Rxf7 29. Ne4 Rd8 30. Nd6 Rfd7 31. Rg1 Rxd6 32. cxd6 Rxd6 33. Bf4
Rd5 34. Be5+ Kf7 35. Rh1 Nxe5 36. dxe5 Rxe5 37. Rh7+ Ke6 38. Rxb7 Rf5 39. Rxa7
Rxf2 40. Rb7 Kd6 41. a4 c5 42. Rb3 Kc6 43. Rc3 Kb6 44. b3 Rf5 45. Kb2 Rf2+ 46.
Ka3 Rh2 47. Rg3 Kc6 48. Rg6+ Kb7 49. a5 Rh4 50. Rb6+ Kc7 51. Kb2 Rh2+ 52. Ka3
Rh4 53. Re6 Kb7 54. a6+ Ka7 1/2-1/2

[Event "II Festival A"]
[Site "Toscolano-Maderno ITA"]
[Date "1996.10.23"]
[Round "5"]
[White "Dusi, Valerio"]
[Black "Astengo, Marcello"]
[Result "0-1"]
[WhiteElo "1851"]
[BlackElo "2115"]
[PlyCount "138"]
[EventDate "1996.10.19"]

1. d4 d5 2. c4 c6 3. cxd5 Qxd5 4. Nc3 Qa5 5. e4 Nf6 6. Bd2 Qb6 7. Qc2 Qxd4 8.
Nf3 Qd8 9. Rd1 e6 10. Bc4 Nbd7 11. O-O Be7 12. Bf4 O-O 13. Rd2 b5 14. Bd3 h6
15. Rfd1 a6 16. Ne5 Qb6 17. Be3 c5 18. Nxd7 Nxd7 19. f4 Nf6 20. h3 Bb7 21. b4
Rac8 22. e5 Nd5 23. Nxd5 Bxd5 24. Be4 Rfd8 25. Bxd5 Rxd5 26. Rxd5 exd5 27. Rxd5
Qe6 28. Qe4 cxb4 29. f5 Qc6 30. f6 gxf6 31. Bxh6 Qe6 32. Rd3 Rc3 33. Bf4 Rxd3
34. Qxd3 fxe5 35. Bd2 Qd6 36. Qg3+ Kf8 37. Be3 Qd1+ 38. Kh2 Bd6 39. Bh6+ Ke7
40. Qh4+ Kd7 41. Qe4 Ke6 42. g4 Qf1 43. h4 f5 44. gxf5+ Qxf5 45. Qe2 e4+ 46.
Kg2 Qe5 47. Qg4+ Kd5 48. Qg8+ Qe6 49. Qg5+ Kc6 50. Qc1+ Qc4 51. Qd2 Be5 52. Be3
a5 53. Qf2 Qd3 54. Qe1 Kd5 55. h5 Kc4 56. h6 b3 57. axb3+ Qxb3 58. Qe2+ Kd5 59.
Qd2+ Kc6 60. Qc1+ Qc3 61. Qg1 a4 62. Kh3 b4 63. Qg6+ Kb5 64. Qb6+ Kc4 65. Kg4
Kb3 66. Kf5 Bh8 67. Kxe4 a3 68. h7 a2 69. Qe6+ Qc4+ 0-1

[Event "II Festival A"]
[Site "Toscolano-Maderno ITA"]
[Date "1996.10.23"]
[Round "5"]
[White "Mora, Federico"]
[Black "Duarte, Riccardo"]
[Result "0-1"]
[WhiteElo "2335"]
[BlackElo "2005"]
[PlyCount "106"]
[EventDate "1996.10.19"]

1. e4 e5 2. Nc3 Nc6 3. Bc4 Nf6 4. d3 d6 5. f4 exf4 6. Bxf4 Bg4 7. Nf3 Be7 8.
O-O Nd4 9. Kh1 Nxf3 10. gxf3 Be6 11. Bb3 Qd7 12. Be3 h6 13. Rg1 g5 14. Qd2 Nh5
15. Qf2 a6 16. Bd5 O-O-O 17. f4 Nxf4 18. Bxf4 gxf4 19. Qxf4 Bg5 20. Qf3 Rdf8
21. Raf1 Qe7 22. Bxe6+ fxe6 23. Qh3 Kb8 24. Ne2 e5 25. Ng3 Rf4 26. Nf5 Qf6 27.
Qh5 Rxf1 28. Rxf1 c6 29. Ng3 Bf4 30. Ne2 Qg5 31. Nxf4 exf4 32. Qxg5 hxg5 33.
Kg2 Kc7 34. Rf2 Kd7 35. Kf3 Ke6 36. Kg4 Kf6 37. Kf3 Rh4 38. Ke2 Ke5 39. Kf1 g4
40. Kg1 Rh3 41. Rg2 Rh4 42. Rf2 f3 43. Rd2 Kf4 44. Rf2 Ke3 45. Rf1 Rh3 46. Re1+
Kd2 47. Rf1 Ke2 48. Rf2+ Ke3 49. Rf1 g3 50. hxg3 Rxg3+ 51. Kh1 Ke2 52. Rc1 f2
53. Kh2 Rg7 0-1

[Event "II Festival A"]
[Site "Toscolano-Maderno ITA"]
[Date "1996.10.23"]
[Round "5"]
[White "Nurkic, Sahbaz"]
[Black "Corvi, Marco"]
[Result "1-0"]
[WhiteElo "2405"]
[BlackElo "2185"]
[PlyCount "103"]
[EventDate "1996.10.19"]

1. e4 Nf6 2. e5 Nd5 3. c4 Nb6 4. c5 Nd5 5. Bc4 e6 6. Qg4 Nc6 7. Nf3 f5 8. Qg3
b6 9. cxb6 axb6 10. O-O Ba6 11. Bxa6 Rxa6 12. Nc3 Ra5 13. d4 Rg8 14. Bd2 Qe7
15. a3 Qf7 16. b4 Nxc3 17. Bxc3 Rd5 18. Ng5 Qh5 19. Rfd1 Ne7 20. a4 h6 21. Nh3
g5 22. a5 f4 23. Qd3 Nc6 24. a6 Na7 25. f3 Qf7 26. Nf2 h5 27. h3 Be7 28. Be1
Qf5 29. Ne4 Rb5 30. Rab1 Kf7 31. Qe2 c6 32. Rb3 h4 33. Rdb1 Rd5 34. Bf2 b5 35.
Nc3 Ra8 36. Ra1 Nc8 37. Qe4 Nb6 38. a7 Qg6 39. Ra6 Bd8 40. Rb2 Bc7 41. Rba2 Kg7
42. Kh2 Bd8 43. Qe2 Kh6 44. Ne4 Nc4 45. Rc2 Nb6 46. Qe1 Bc7 47. Qc1 Qe8 48. Re2
Qc8 49. Bxh4 Qxa6 50. Bxg5+ Kg7 51. Qxf4 Qc8 52. Qf6+ 1-0

[Event "II Festival A"]
[Site "Toscolano-Maderno ITA"]
[Date "1996.10.23"]
[Round "5"]
[White "Oppici, Gabriele"]
[Black "Perich, Stefano"]
[Result "1-0"]
[WhiteElo "2055"]
[BlackElo "2075"]
[PlyCount "125"]
[EventDate "1996.10.19"]

1. Nc3 d5 2. e4 d4 3. Nce2 e5 4. Ng3 Nf6 5. Bc4 g6 6. Nf3 Nfd7 7. h4 f6 8. h5
g5 9. h6 Nb6 10. Bb3 Nc6 11. Nh2 Qe7 12. Qh5+ Kd8 13. d3 Na5 14. Bf7 Be6 15.
Bxe6 Qxe6 16. Bd2 Nc6 17. a3 Ne7 18. Qf3 c6 19. Ng4 Nd7 20. Nh5 Ng8 21. Ng7 Qe7
22. Nf5 Qe6 23. Ke2 Kc7 24. Rhc1 Ne7 25. Ng3 Ng6 26. Nf5 Rg8 27. g3 Ne7 28.
Nxe7 Bxe7 29. c3 Raf8 30. Qf5 Qxf5 31. exf5 Nb6 32. cxd4 exd4 33. Ba5 Kb8 34.
Bxb6 axb6 35. Kd2 Bd6 36. Re1 Rf7 37. Re6 Be7 38. Rae1 Bd8 39. Re8 Rxe8 40.
Rxe8 Kc7 41. Re6 Be7 42. Kc2 b5 43. Kb3 Kd7 44. a4 bxa4+ 45. Kxa4 b6 46. Re4
Bc5 47. b4 b5+ 48. Kb3 Bb6 49. Re6 Bd8 50. Nh2 Bb6 51. Nf3 Kc7 52. Nd2 Kd7 53.
Ne4 Bd8 54. Nc5+ Kc7 55. Re8 Be7 56. Ne6+ Kd7 57. Rg8 Bd6 58. Rd8+ Ke7 59. Ra8
g4 60. Nxd4 Kd7 61. Ne6 Be7 62. Rg8 Kd6 63. Rg7 1-0

[Event "II Festival A"]
[Site "Toscolano-Maderno ITA"]
[Date "1996.10.23"]
[Round "5"]
[White "Prelati, Maurizio"]
[Black "Perovic, Bozidar"]
[Result "1/2-1/2"]
[WhiteElo "2120"]
[BlackElo "2134"]
[PlyCount "103"]
[EventDate "1996.10.19"]

1. e4 c6 2. d4 d5 3. exd5 cxd5 4. c4 dxc4 5. Bxc4 e6 6. Nf3 Bb4+ 7. Nc3 Nc6 8.
O-O Nge7 9. Bg5 h6 10. Bh4 Bxc3 11. bxc3 O-O 12. Re1 Qa5 13. Bxe7 Nxe7 14. Bb3
b6 15. Re5 Qa3 16. Rh5 Qd6 17. Qd3 Ng6 18. Bc2 f5 19. Qe3 Nf4 20. Rh4 g5 21.
Ne5 Rf6 22. Rxf4 gxf4 23. Qxf4 Bb7 24. Bb3 Kh7 25. g4 Rg8 26. f3 Qe7 27. Bc2
Kh8 28. Qe3 Qg7 29. h3 Qg5 30. f4 Qh4 31. Kf1 Be4 32. Bb3 Bd5 33. Ke2 fxg4 34.
hxg4 Qh2+ 35. Kd3 Qxf4 36. Qxf4 Rxf4 37. Bxd5 exd5 38. Rh1 Kh7 39. Ke3 Rff8 40.
Rh5 Rg5 41. Rh2 Rf1 42. Rb2 Rh1 43. Rf2 Rg7 44. Kf4 Rc1 45. Kf5 Rxc3 46. Ke6 b5
47. Kxd5 b4 48. Ke6 Rc8 49. d5 Re8+ 50. Kd6 Reg8 51. Ke6 Re8+ 52. Kd6 1/2-1/2

[Event "II Festival A"]
[Site "Toscolano-Maderno ITA"]
[Date "1996.10.23"]
[Round "5"]
[White "Stantic, Severino"]
[Black "Wohl, Aleksandar H."]
[Result "0-1"]
[WhiteElo "2105"]
[BlackElo "2400"]
[PlyCount "65"]
[EventDate "1996.10.19"]

1. Nf3 c5 2. c4 Nc6 3. Nc3 Nf6 4. g3 d5 5. cxd5 Nxd5 6. Bg2 Nc7 7. d3 e5 8. O-O
Be7 9. Be3 O-O 10. Rc1 Rb8 11. Nd2 Nd4 12. Nc4 f6 13. f4 exf4 14. Bxf4 Nde6 15.
Bd2 b6 16. Ne3 Bb7 17. Ne4 Nd4 18. Nf5 Nxf5 19. Rxf5 Qd4+ 20. Rf2 f5 21. Nc3
Bxg2 22. Kxg2 Rbd8 23. Qa4 Qxa4 24. Nxa4 Ne6 25. b3 g6 26. Nc3 Bf6 27. Rd1 Rd7
28. Rdf1 Re8 29. g4 Bxc3 30. Bxc3 fxg4 31. Kg3 Nd4 32. Kxg4 Rxe2 33. h4 0-1

[Event "II Festival A"]
[Site "Toscolano-Maderno ITA"]
[Date "1996.10.24"]
[Round "6"]
[White "Bini, Lorenzo"]
[Black "Di Lazzaro, Gabriele"]
[Result "1-0"]
[WhiteElo "2200"]
[BlackElo "2095"]
[PlyCount "83"]
[EventDate "1996.10.19"]

1. b3 e5 2. Bb2 Nc6 3. e3 d5 4. Bb5 Bd6 5. f4 f6 6. Qh5+ g6 7. Qh4 Bd7 8. Nc3
Nb4 9. Bxd7+ Qxd7 10. O-O-O c6 11. fxe5 fxe5 12. Nf3 Ne7 13. a3 Na6 14. Ne2 Nf5
15. Qf6 Rf8 16. Nxe5 Qc7 17. Qe6+ Kd8 18. b4 Ng7 19. Nxc6+ bxc6 20. Bxg7 Re8
21. Bf6+ Be7 22. Nd4 Rc8 23. Rdf1 Nb8 24. Be5 Qd7 25. Bxb8 Qxe6 26. Nxe6+ Kd7
27. Ng7 Rg8 28. Be5 c5 29. Rf7 Kd8 30. Rhf1 Rc6 31. b5 Rb6 32. a4 a6 33. d3
axb5 34. axb5 Rxb5 35. Bf6 Rb7 36. Ne6+ Ke8 37. Rxe7+ Rxe7 38. Bxe7 Kxe7 39.
Nxc5 Kd6 40. Nb3 Ke6 41. Nd4+ Ke5 42. Rf7 1-0

[Event "II Festival A"]
[Site "Toscolano-Maderno ITA"]
[Date "1996.10.24"]
[Round "6"]
[White "Cugini, Verter"]
[Black "Drei, Andrea"]
[Result "1/2-1/2"]
[WhiteElo "2255"]
[BlackElo "2310"]
[PlyCount "65"]
[EventDate "1996.10.19"]

1. e4 c5 2. g3 d5 3. exd5 Qxd5 4. Nf3 Bg4 5. Bg2 Qe6+ 6. Kf1 Nc6 7. h3 Bh5 8.
d3 Qd7 9. g4 Bg6 10. Be3 e6 11. Nh4 Nf6 12. Nc3 Be7 13. Nxg6 hxg6 14. Ne4 Nxe4
15. dxe4 Rd8 16. Qxd7+ Rxd7 17. Ke2 O-O 18. Rhd1 Rfd8 19. Rxd7 Rxd7 20. Rd1
Rxd1 21. Kxd1 Kf8 22. e5 Nd8 23. Kd2 Ke8 24. Kd3 Kd7 25. f4 b5 26. c4 a6 27. g5
Nc6 28. Bxc6+ Kxc6 29. b3 f6 30. gxf6 gxf6 31. exf6 Bxf6 32. Bd2 bxc4+ 33. Kxc4
1/2-1/2

[Event "II Festival A"]
[Site "Toscolano-Maderno ITA"]
[Date "1996.10.24"]
[Round "6"]
[White "Kania, Andreas"]
[Black "Prelati, Maurizio"]
[Result "1/2-1/2"]
[WhiteElo "2275"]
[BlackElo "2120"]
[PlyCount "39"]
[EventDate "1996.10.19"]

1. b4 e5 2. Bb2 d6 3. e3 Nf6 4. Be2 Nc6 5. b5 Ne7 6. c4 Ng6 7. h4 h5 8. Nc3 c6
9. d4 e4 10. d5 c5 11. Qc2 Qe7 12. a4 Bf5 13. Bf1 Ne5 14. Nh3 g6 15. Nf4 Bh6
16. g3 O-O 17. Be2 Rfe8 18. Nb1 Bg7 19. Nd2 Neg4 20. Qc3 1/2-1/2

[Event "II Festival A"]
[Site "Toscolano-Maderno ITA"]
[Date "1996.10.24"]
[Round "6"]
[White "Lagrotteria, Salvatore"]
[Black "Oppici, Gabriele"]
[Result "1-0"]
[WhiteElo "2165"]
[BlackElo "2055"]
[PlyCount "65"]
[EventDate "1996.10.19"]

1. Nf3 g6 2. d4 Bg7 3. c4 f5 4. Nc3 Nf6 5. Bg5 h6 6. Bxf6 Bxf6 7. e4 e6 8. h4
c5 9. exf5 cxd4 10. Nxd4 gxf5 11. Rh3 O-O 12. Ndb5 Nc6 13. Qh5 Bxc3+ 14. Rxc3
Qf6 15. O-O-O d5 16. cxd5 exd5 17. Nc7 Be6 18. Nxd5 Bxd5 19. Rxd5 Ne7 20. Rd7
Rac8 21. Rxc8 Rxc8+ 22. Kb1 Qc6 23. Qd1 Qe4+ 24. Bd3 Qxh4 25. a3 Qg5 26. Qb3+
Kf8 27. Qxb7 Rc1+ 28. Ka2 Qf6 29. Qb8+ Kg7 30. Qxa7 Qe6+ 31. b3 Re1 32. Qd4+
Kg6 33. Rd6 1-0

[Event "II Festival A"]
[Site "Toscolano-Maderno ITA"]
[Date "1996.10.24"]
[Round "6"]
[White "Magrin, Antonio"]
[Black "Mora, Federico"]
[Result "0-1"]
[WhiteElo "2070"]
[BlackElo "2335"]
[PlyCount "74"]
[EventDate "1996.10.19"]

1. d4 c5 2. d5 Nf6 3. g3 g6 4. Bg2 d6 5. Nf3 Bg7 6. O-O b5 7. Na3 Ba6 8. c3 O-O
9. Nc2 Bb7 10. Nh4 Nbd7 11. e4 Qc7 12. Qe2 a6 13. Rd1 Rfe8 14. f3 e6 15. dxe6
Rxe6 16. Bh3 Re7 17. Qd3 d5 18. exd5 Nxd5 19. Bxd7 Rxd7 20. Qf1 Re8 21. Ng2 Qc6
22. Nce3 Nxe3 23. Bxe3 Rde7 24. Re1 b4 25. Rac1 bxc3 26. bxc3 c4 27. Bd4 Qxf3
28. Qxf3 Bxf3 29. Rxe7 Rxe7 30. Bxg7 Kxg7 31. Re1 Rxe1+ 32. Nxe1 Be4 33. Kf2
Kf6 34. Nf3 Bxf3 35. Kxf3 Ke5 36. g4 f5 37. gxf5 gxf5 0-1

[Event "II Festival A"]
[Site "Toscolano-Maderno ITA"]
[Date "1996.10.24"]
[Round "6"]
[White "Medancic, Rikard"]
[Black "Duarte, Riccardo"]
[Result "1-0"]
[WhiteElo "2310"]
[BlackElo "2005"]
[PlyCount "53"]
[EventDate "1996.10.19"]

1. d4 d5 2. c4 c6 3. Nf3 Nf6 4. Nc3 e6 5. cxd5 exd5 6. Bg5 Be7 7. e3 Bg4 8. h3
Bh5 9. g4 Bg6 10. Ne5 Nbd7 11. Nxg6 fxg6 12. Bd3 Nb6 13. Qb3 Ne4 14. Bxe7 Qxe7
15. Bxe4 dxe4 16. Qc2 O-O 17. Nxe4 Rae8 18. Nc5 Nd5 19. O-O-O Kh8 20. a3 b6 21.
Nd3 b5 22. Kb1 Rc8 23. h4 a5 24. h5 g5 25. Rh2 a4 26. Ne5 c5 27. Ng6+ 1-0

[Event "II Festival A"]
[Site "Toscolano-Maderno ITA"]
[Date "1996.10.24"]
[Round "6"]
[White "Naumkin, Igor"]
[Black "Sedina, Elena"]
[Result "0-1"]
[WhiteElo "2430"]
[BlackElo "2345"]
[PlyCount "66"]
[EventDate "1996.10.19"]

1. d4 Nf6 2. c4 c5 3. d5 b5 4. cxb5 a6 5. bxa6 g6 6. Nc3 Bxa6 7. Nf3 d6 8. e4
Bxf1 9. Kxf1 Bg7 10. h3 Nbd7 11. Kg1 O-O 12. Kh2 Qa5 13. Re1 Rfb8 14. Qc2 Nb6
15. Kg1 Nfd7 16. Re2 Nc4 17. Nd1 Qa6 18. Qd3 Nde5 19. Nxe5 Nxe5 20. Qxa6 Rxa6
21. Bd2 Nc4 22. Bc3 Bxc3 23. bxc3 Rab6 24. a4 Rb1 25. Rea2 R8b2 26. a5 Rxd1+
27. Kh2 Rxa1 28. Rxa1 Rb7 29. a6 Ra7 30. Kg3 f6 31. f4 Kf7 32. Kf3 Nb6 33. g4
Nd7 0-1

[Event "II Festival A"]
[Site "Toscolano-Maderno ITA"]
[Date "1996.10.24"]
[Round "6"]
[White "Perich, Stefano"]
[Black "Dusi, Valerio"]
[Result "1/2-1/2"]
[WhiteElo "2075"]
[BlackElo "1851"]
[PlyCount "22"]
[EventDate "1996.10.19"]

1. e4 e5 2. Nf3 Nf6 3. Nc3 Nc6 4. d4 exd4 5. Nxd4 Bb4 6. Nxc6 bxc6 7. Bd3 O-O
8. O-O d5 9. e5 Bxc3 10. bxc3 Ne4 11. Bxe4 dxe4 1/2-1/2

[Event "II Festival A"]
[Site "Toscolano-Maderno ITA"]
[Date "1996.10.24"]
[Round "6"]
[White "Perovic, Bozidar"]
[Black "Luciani, Valerio"]
[Result "0-1"]
[WhiteElo "2134"]
[BlackElo "2180"]
[PlyCount "44"]
[EventDate "1996.10.19"]

1. f4 d5 2. e3 c5 3. Nf3 Nc6 4. b3 f6 5. Bb2 Bg4 6. Be2 e6 7. O-O Bd6 8. d3
Nge7 9. Nbd2 Qc7 10. Nh4 Bxe2 11. Qxe2 Ng6 12. Qg4 Nxh4 13. Qxh4 O-O-O 14. a3
Kb8 15. c4 d4 16. exd4 g5 17. fxg5 fxg5 18. Qh5 Bf4 19. Ne4 cxd4 20. Nxg5 Be3+
21. Kh1 Qe5 22. Bc1 h6 0-1

[Event "II Festival A"]
[Site "Toscolano-Maderno ITA"]
[Date "1996.10.24"]
[Round "6"]
[White "Rossi, Giampiero"]
[Black "Braghetta, Sergio"]
[Result "1-0"]
[WhiteElo "2105"]
[BlackElo "2116"]
[PlyCount "55"]
[EventDate "1996.10.19"]

1. d4 d5 2. c4 c6 3. cxd5 cxd5 4. Nc3 Nf6 5. Nf3 Nc6 6. Bf4 a6 7. e3 Bg4 8. Be2
e6 9. h3 Bh5 10. O-O Be7 11. Rc1 O-O 12. Ne5 Bxe2 13. Nxc6 bxc6 14. Qxe2 Qa5
15. Rc2 Rfc8 16. Rfc1 c5 17. dxc5 Rxc5 18. a3 Rc4 19. b3 Rc6 20. Nxd5 Rxc2 21.
Nxe7+ Kf8 22. Qxc2 Kxe7 23. Bd6+ Kxd6 24. Qc6+ Ke7 25. Qxa8 Qxa3 26. Rc7+ Nd7
27. Qc6 Qa1+ 28. Kh2 1-0

[Event "II Festival A"]
[Site "Toscolano-Maderno ITA"]
[Date "1996.10.24"]
[Round "6"]
[White "Tomasi, Diego"]
[Black "Astengo, Marcello"]
[Result "1/2-1/2"]
[WhiteElo "2045"]
[BlackElo "2115"]
[PlyCount "132"]
[EventDate "1996.10.19"]

1. c4 e6 2. Nc3 d5 3. d4 Nf6 4. Nf3 c6 5. g3 Nbd7 6. b3 Bb4 7. Bd2 Qa5 8. Qc2
O-O 9. a3 Re8 10. Ra2 Bxc3 11. Bxc3 Qc7 12. Bg2 Ne4 13. Ba1 f5 14. O-O Ndf6 15.
Ne5 Bd7 16. c5 Rf8 17. Qc1 h6 18. e3 Be8 19. f3 Ng5 20. h4 Ngh7 21. Qe1 g5 22.
hxg5 Nxg5 23. g4 Qh7 24. Qg3 Kh8 25. Qh4 Rg8 26. Kh1 Rc8 27. Bc3 Bg6 28. Be1
fxg4 29. Nxg4 Nxg4 30. Qxg4 Bf5 31. Qh4 Rg6 32. Bg3 Nf7 33. Bf4 Re8 34. Bh3
Bxh3 35. Qxh3 e5 36. dxe5 Nxe5 37. Rh2 Nd3 38. Qf5 Nxf4 39. Qxf4 Reg8 40. Qe5+
Qg7 41. Qxg7+ R8xg7 42. e4 dxe4 43. fxe4 Kh7 44. Rh3 Rg2 45. b4 a5 46. Re1 axb4
47. axb4 Rb2 48. e5 Rxb4 49. e6 Re7 50. Rd3 Kg6 51. Kg2 Rc4 52. Re5 h5 53. Kg3
h4+ 54. Kh3 Kf6 55. Rde3 Rc3 56. Kxh4 Rxe3 57. Rxe3 Rxe6 58. Rb3 Re7 59. Kg4
Ke6 60. Re3+ Kd7 61. Rxe7+ Kxe7 62. Kf5 Kd7 63. Ke5 Kc7 64. Kd4 b5 65. cxb6+
Kxb6 66. Kc4 c5 1/2-1/2

[Event "II Festival A"]
[Site "Toscolano-Maderno ITA"]
[Date "1996.10.24"]
[Round "6"]
[White "Wohl, Aleksandar H."]
[Black "Cebalo, Miso"]
[Result "0-1"]
[WhiteElo "2400"]
[BlackElo "2515"]
[PlyCount "102"]
[EventDate "1996.10.19"]

1. e4 c5 2. b3 b6 3. Bb2 Bb7 4. e5 e6 5. Nf3 d6 6. Bb5+ Bc6 7. Qe2 a6 8. Bxc6+
Nxc6 9. exd6 Nf6 10. Nc3 Bxd6 11. Ne4 Be7 12. O-O O-O 13. Rad1 Nd4 14. Nxd4
cxd4 15. c4 Qd7 16. f4 b5 17. d3 Rfd8 18. Rc1 Rac8 19. Rc2 bxc4 20. bxc4 Qc6
21. Nxf6+ Bxf6 22. Ba1 Re8 23. Qf3 Qc5 24. Re2 Rb8 25. Qe4 Re7 26. Rb2 Ree8 27.
Re2 h5 28. g3 g6 29. Kg2 Bg7 30. Rfe1 a5 31. Rb2 Rxb2+ 32. Bxb2 Rb8 33. Re2 a4
34. Bc1 a3 35. h3 Rb1 36. Bd2 Rb2 37. Be1 Qa7 38. Kf1 Qa4 39. Qg2 Rb1 40. Rc2
Bf8 41. c5 Bxc5 42. Rxc5 Rxe1+ 43. Kxe1 Qb4+ 44. Kd1 Qxc5 45. Qc2 Qd5 46. Kc1
Qh1+ 47. Qd1 Qg2 48. Qb3 Qxg3 49. Qxa3 Qxh3 50. Qa8+ Kg7 51. Qe4 Qe3+ 0-1

[Event "II Festival A"]
[Site "Toscolano-Maderno ITA"]
[Date "1996.10.25"]
[Round "7"]
[White "Agnelli, Francesco"]
[Black "Corvi, Marco"]
[Result "0-1"]
[WhiteElo "2085"]
[BlackElo "2185"]
[PlyCount "50"]
[EventDate "1996.10.19"]

1. e4 Nf6 2. e5 Nd5 3. d4 d6 4. c4 Nb6 5. f4 dxe5 6. fxe5 c5 7. d5 e6 8. Nc3
exd5 9. cxd5 c4 10. Nf3 Bb4 11. Bxc4 Bxc3+ 12. bxc3 Nxc4 13. Qa4+ Nd7 14. Qxc4
Nb6 15. Qd4 Qxd5 16. Qb4 Qd3 17. Kf2 Nd5 18. Qd6 Be6 19. Bg5 h6 20. Rhd1 Qxc3
21. Rxd5 hxg5 22. Rdd1 g4 23. Nd2 Rxh2 24. Rac1 g3+ 25. Kf1 Qe3 0-1

[Event "II Festival A"]
[Site "Toscolano-Maderno ITA"]
[Date "1996.10.25"]
[Round "7"]
[White "Astengo, Marcello"]
[Black "Perovic, Bozidar"]
[Result "1-0"]
[WhiteElo "2115"]
[BlackElo "2134"]
[PlyCount "81"]
[EventDate "1996.10.19"]

1. d4 d5 2. Nf3 e6 3. Bf4 Nf6 4. e3 c5 5. c3 Nc6 6. Nbd2 Bd6 7. Ne5 O-O 8. Bd3
Qc7 9. Ndf3 Ne4 10. Bg3 f6 11. Nxc6 bxc6 12. Qc2 f5 13. Bxd6 Qxd6 14. O-O Nf6
15. Rac1 c4 16. Be2 Nd7 17. Qa4 c5 18. Rfd1 Rb8 19. b3 cxb3 20. axb3 Qb6 21.
Rb1 a6 22. c4 Rd8 23. Bd3 g6 24. b4 cxd4 25. c5 Qc7 26. exd4 Bb7 27. Re1 Re8
28. Re3 h6 29. Qc2 Kg7 30. Rbe1 Kf6 31. Qe2 Nf8 32. Ne5 Bc8 33. Qd2 h5 34. Rg3
Qh7 35. Qg5+ Kg7 36. Nxg6 Nxg6 37. Bxf5 Qh6 38. Qxh6+ Kxh6 39. Rxg6+ Kh7 40.
Rgxe6+ Kg7 41. Rxe8 1-0

[Event "II Festival A"]
[Site "Toscolano-Maderno ITA"]
[Date "1996.10.25"]
[Round "7"]
[White "Cebalo, Miso"]
[Black "Sulava, Nenad"]
[Result "1-0"]
[WhiteElo "2515"]
[BlackElo "2430"]
[PlyCount "97"]
[EventDate "1996.10.19"]

1. d4 g6 2. c4 Bg7 3. e4 d6 4. Nc3 Nc6 5. d5 Nd4 6. Nge2 e5 7. Be3 Bg4 8. Qd2
Bxe2 9. Bxe2 c5 10. dxc6 bxc6 11. O-O Ne7 12. b4 O-O 13. Rab1 Kh8 14. Bd3 f5
15. f3 d5 16. cxd5 cxd5 17. exf5 gxf5 18. Bxd4 exd4 19. Na4 Qd6 20. Nc5 Ng6 21.
Rbe1 Ne5 22. Qc2 a5 23. f4 Ng4 24. Ne6 Rfc8 25. Qb2 Rc3 26. Nxg7 Qh6 27. h3
Qxg7 28. hxg4 Rxd3 29. Qc2 Re3 30. Qxf5 Rae8 31. Rd1 axb4 32. Qxd5 Re2 33. f5
R2e4 34. Rd3 Qa7 35. g5 Qa8 36. Qxa8 Rxa8 37. Rf2 Ra3 38. f6 Kg8 39. Rxa3 bxa3
40. Rf3 Kf7 41. Rxa3 Kg6 42. Rd3 Rg4 43. Kf2 Kf7 44. Rg3 Re4 45. a4 d3 46. Rxd3
Rxa4 47. Rd7+ Kg6 48. Rg7+ Kh5 49. f7 1-0

[Event "II Festival A"]
[Site "Toscolano-Maderno ITA"]
[Date "1996.10.25"]
[Round "7"]
[White "Di Lazzaro, Gabriele"]
[Black "Perich, Stefano"]
[Result "0-1"]
[WhiteElo "2095"]
[BlackElo "2075"]
[PlyCount "76"]
[EventDate "1996.10.19"]

1. Nf3 d6 2. d4 Bg4 3. Nbd2 Nf6 4. c3 Nc6 5. Qb3 Qc8 6. Ng5 e6 7. Nde4 Nxe4 8.
Nxe4 Be7 9. Ng3 O-O 10. e4 e5 11. h3 Bd7 12. Be3 a6 13. Bd3 g6 14. Bh6 Re8 15.
Ne2 Bf6 16. O-O-O Na5 17. Qc2 c5 18. dxc5 dxc5 19. Qd2 Be6 20. Kb1 b5 21. h4
Rb8 22. h5 c4 23. Bc2 Rd8 24. Qe3 b4 25. cxb4 Rxd1+ 26. Bxd1 Rxb4 27. hxg6 hxg6
28. Qg3 Qb7 29. Qc3 Nc6 30. a3 Rb6 31. Be3 Nd4 32. f3 Nxe2 33. Bxe2 Rb3 34. Qd2
c3 35. Qd3 Rxb2+ 36. Kc1 Ba2 37. Kd1 Rb1+ 38. Bc1 Bb3+ 0-1

[Event "II Festival A"]
[Site "Toscolano-Maderno ITA"]
[Date "1996.10.25"]
[Round "7"]
[White "Duarte, Riccardo"]
[Black "Luciani, Valerio"]
[Result "0-1"]
[WhiteElo "2005"]
[BlackElo "2180"]
[PlyCount "92"]
[EventDate "1996.10.19"]

1. e4 e6 2. d4 d5 3. exd5 exd5 4. Bd3 Bd6 5. Ne2 Ne7 6. Ng3 Be6 7. Be3 Qd7 8.
Nc3 a6 9. O-O Nbc6 10. a3 O-O 11. Qh5 f5 12. Nce2 Ng6 13. f4 Qf7 14. Nh1 Kh8
15. Nf2 Nge5 16. Qh3 Nxd3 17. Nxd3 b6 18. Qf3 Ne7 19. Ne5 Bxe5 20. fxe5 Rac8
21. Rac1 Rg8 22. Bg5 Ng6 23. Qh5 Nxe5 24. Qh4 Ng6 25. Qg3 h6 26. Bf4 Kh7 27. h4
Bd7 28. Bxc7 Bb5 29. h5 Nf8 30. c4 Bxc4 31. Rxc4 dxc4 32. Bxb6 Qe6 33. Qf3 Re8
34. Ba5 Qxe2 35. Qxf5+ g6 36. hxg6+ Rxg6 37. Rf2 Qe6 38. Qc2 Nd7 39. Bc3 Rf8
40. Re2 Qf5 41. Qd1 Rf7 42. d5 Qd3 43. Qxd3 cxd3 44. Re3 Rd6 45. Rxd3 Rf5 46.
Re3 Nf6 0-1

[Event "II Festival A"]
[Site "Toscolano-Maderno ITA"]
[Date "1996.10.25"]
[Round "7"]
[White "Dusi, Valerio"]
[Black "Tomasi, Diego"]
[Result "0-1"]
[WhiteElo "1851"]
[BlackElo "2045"]
[PlyCount "81"]
[EventDate "1996.10.19"]

1. d4 c5 2. d5 Nf6 3. c4 b5 4. a4 b4 5. Nd2 g6 6. e4 d6 7. f4 Bg7 8. Ngf3 O-O
9. Bd3 Bg4 10. h3 Bxf3 11. Qxf3 Nbd7 12. O-O e5 13. f5 a5 14. Nb3 Qe8 15. g4
Ra7 16. Bg5 h6 17. Be3 Nh7 18. Kf2 g5 19. Rh1 f6 20. h4 Nb6 21. Ra2 Qd7 22. Nd2
Rfa8 23. b3 Rf8 24. Raa1 Qe8 25. Rh2 Rff7 26. Rah1 Nxa4 27. hxg5 fxg5 28. Rxh6
Bxh6 29. Rxh6 Qf8 30. Rg6+ Rg7 31. bxa4 Rxg6 32. fxg6 Kg7 33. Qf5 Nf6 34. Kg2
Qe8 35. Bxg5 Qxg6 36. Bxf6+ Qxf6 37. g5 Qg6 38. Nb3 Rf7 39. Qg4 Rf4 40. Qg3 Qh5
41. Nxa5 0-1

[Event "II Festival A"]
[Site "Toscolano-Maderno ITA"]
[Date "1996.10.25"]
[Round "7"]
[White "Magrin, Antonio"]
[Black "Kania, Andreas"]
[Result "1/2-1/2"]
[WhiteElo "2070"]
[BlackElo "2275"]
[PlyCount "30"]
[EventDate "1996.10.19"]

1. d4 f5 2. Bg5 Nf6 3. Bxf6 exf6 4. e3 b6 5. Qf3 d5 6. Bd3 g6 7. h4 h5 8. Nd2
c6 9. Ne2 Na6 10. c3 Nc7 11. Nf4 Kf7 12. O-O-O Rh6 13. Qe2 Bd6 14. g3 a5 15.
Nf3 b5 1/2-1/2

[Event "II Festival A"]
[Site "Toscolano-Maderno ITA"]
[Date "1996.10.25"]
[Round "7"]
[White "Medancic, Rikard"]
[Black "Zlochevskij, Alexander"]
[Result "1/2-1/2"]
[WhiteElo "2310"]
[BlackElo "2415"]
[PlyCount "29"]
[EventDate "1996.10.19"]

1. d4 g6 2. c4 Bg7 3. Nc3 c5 4. d5 Bxc3+ 5. bxc3 f5 6. h4 Qa5 7. h5 d6 8. Qb3
gxh5 9. Nh3 Nf6 10. Nf4 Nbd7 11. Nxh5 Nxh5 12. Rxh5 Ne5 13. Bf4 Ng6 14. Bh6 Rg8
15. e3 1/2-1/2

[Event "II Festival A"]
[Site "Toscolano-Maderno ITA"]
[Date "1996.10.25"]
[Round "7"]
[White "Nurkic, Sahbaz"]
[Black "Lagrotteria, Salvatore"]
[Result "1-0"]
[WhiteElo "2405"]
[BlackElo "2165"]
[PlyCount "71"]
[EventDate "1996.10.19"]

1. e4 c5 2. c3 e6 3. d4 d5 4. exd5 exd5 5. Nf3 Nc6 6. Be2 Bd6 7. dxc5 Bxc5 8.
O-O Nge7 9. Nbd2 O-O 10. Nb3 Bb6 11. Re1 Nf5 12. Bd3 h6 13. Bf4 Qf6 14. Qd2 Be6
15. Re2 Rad8 16. Ne5 Nd6 17. Nxc6 bxc6 18. Be5 Qh4 19. Nd4 Bg4 20. Qf4 Qg5 21.
Bxd6 Bxe2 22. Bxe2 Rxd6 23. Qxd6 Qd2 24. Bf3 Qxb2 25. Rf1 Qxc3 26. Nxc6 Re8 27.
Ne7+ Kh7 28. Qd7 Bxf2+ 29. Rxf2 Qe1+ 30. Rf1 Qe3+ 31. Kh1 Rxe7 32. Qxd5 g6 33.
h3 f5 34. a4 Qg5 35. Qd6 h5 36. Bd5 1-0